000 00470nam a2200169Ia 4500
008 230711s9999||||xx |||||||||||||| ||und||
020 _a978-81-265-1257-7
041 _aENG
082 _a621.319
_bKI-P
100 _aKimbark,Edward Wilson
245 0 _aPower Systems Stability Volume-I
_bElements of Stability Calculations
250 _a1st Ed.
260 _c2015
_aNew Delhi
_bWiley India Pvt.Ltd
300 _a355p.
650 _aElectrical Engineering
942 _cBK
999 _c6576
_d6576